[Event "Regionalliga SO 1617"]
[Site "Bayern"]
[Date "2017.02.19"]
[Round "6.1"]
[White "Maier, Alexander"]
[Black "Ksieski, Zbigniew"]
[Result "1-0"]
[WhiteElo "2219"]
[BlackElo "2355"]
[PlyCount "99"]
[EventDate "2016.10.16"]
[EventType "team-tourn"]
[EventRounds "9"]
[EventCountry "GER"]
[SourceTitle "EXT 2019"]
[Source "ChessBase"]
[SourceDate "2018.10.10"]
[SourceVersion "1"]
[SourceVersionDate "2018.10.10"]
[SourceQuality "1"]
[WhiteTeam "Groebenzell II"]
[BlackTeam "Germering"]
[WhiteTeamCountry "GER"]
[BlackTeamCountry "GER"]

1. e4 c5 2. Nf3 e6 3. b3 a6 4. Bb2 Nc6 5. c4 Qc7 6. g3 Rb8 7. Bg2 b5 8. Na3 e5 9. Qe2 d6 10. cxb5 Nb4 11. 0-0 Be7 12. Rfc1 axb5 13. d4 f6 14. dxe5 dxe5 15. Nxb5 Qb6 16. a4 Ba6 17. Bf1 Nh6 18. Ba3 0-0 19. Qc4+ Nf7 20. Bxb4 cxb4 21. Qc7 Bd8 22. Qxb6 Rxb6 23. Nc7 Bxf1 24. Kxf1 Rb7 25. Nd5 Nd6 26. Re1 Kf7 27. Rac1 Ke6 28. Rc6 f5 29. Nf4+ exf4 30. e5 fxg3 31. Rxd6+ Ke7 32. hxg3 Bc7 33. Rc6 Rd8 34. Rec1 Bb8 35. Ke2 Rd5 36. R1c5 Rxc5 37. Rxc5 Ba7 38. Rc6 Rd7 39. Rc4 Rb7 40. Nh4 g6 41. f4 Kd7 42. Nf3 Ke6 43. Rc6+ Ke7 44. Rf6 Ke8 45. Rc6 Kd7 46. Rc4 Ke6 47. Ne1 g5 48. fxg5 Bb8 49. Nd3 Bxe5 50. Nc5+ 1-0

[Event "Regionalliga SO 1415"]
[Site "Bayern"]
[Date "2014.11.23"]
[Round "3.1"]
[White "Ksieski, Zbigniew"]
[Black "Gesing, Oliver"]
[Result "1-0"]
[WhiteElo "2355"]
[BlackElo "2104"]
[PlyCount "41"]
[EventDate "2014.10.19"]
[EventType "team-tourn"]
[EventRounds "9"]
[EventCountry "GER"]
[SourceTitle "EXT 2018"]
[Source "ChessBase"]
[SourceDate "2017.10.13"]
[SourceVersion "1"]
[SourceVersionDate "2017.10.13"]
[SourceQuality "1"]
[WhiteTeam "Germering"]
[BlackTeam "Graefelfing"]
[WhiteTeamCountry "GER"]
[BlackTeamCountry "GER"]

1. d4 d5 2. c4 c6 3. Nf3 Nf6 4. Nc3 dxc4 5. a4 e6 6. e3 c5 7. Bxc4 cxd4 8. exd4 Bd6 9. 0-0 0-0 10. Bg5 Nbd7 11. Qe2 Nb6 12. Bb3 Re8 13. Rfe1 Bd7 14. Ne5 Nbd5 15. Nxd5 exd5 16. Bxd5 Bxe5 17. dxe5 Qa5 18. Bxb7 Rab8 19. Bf3 Bf5 20. Bd2 Qb6 21. Be3 1-0

[Event "Landesliga Sued 1314"]
[Site "Bayern"]
[Date "2014.03.16"]
[Round "8.1"]
[White "Ksieski, Zbigniew"]
[Black "Lapcevic, Milos"]
[Result "1-0"]
[WhiteElo "2348"]
[BlackElo "2377"]
[PlyCount "97"]
[EventDate "2013.10.13"]
[EventType "team-tourn"]
[EventRounds "9"]
[EventCountry "GER"]
[SourceTitle "EXT 2015"]
[Source "ChessBase"]
[SourceDate "2014.11.20"]
[SourceVersion "1"]
[SourceVersionDate "2014.11.20"]
[SourceQuality "1"]
[WhiteTeam "Germering"]
[BlackTeam "Haunstetten"]
[WhiteTeamCountry "GER"]
[BlackTeamCountry "GER"]

1. d4 Nf6 2. c4 e6 3. g3 d5 4. Bg2 Bb4+ 5. Nd2 0-0 6. Ngf3 dxc4 7. 0-0 b5 8. a4 c6 9. Qc2 Bb7 10. b3 cxb3 11. Nxb3 Nbd7 12. Ne5 Rc8 13. Nd3 Be7 14. Rd1 Nd5 15. Bb2 f5 16. Nbc5 Nxc5 17. Nxc5 Bxc5 18. dxc5 Qe7 19. Be5 Rf7 20. e4 fxe4 21. Bxe4 g5 22. Bg2 b4 23. a5 Re8 24. Re1 Qf8 25. Bh3 Qh6 26. Bg4 Ba6 27. Rad1 Qg6 28. Qxg6+ hxg6 29. Bd6 Bc8 30. Rd2 Rb7 31. Be2 b3 32. Rb2 Rb4 33. Bd1 Rb5 34. Rxb3 Rxa5 35. Bc2 Ne7 36. Rb8 Nf5 37. Kg2 Kf7 38. Be4 Nxd6 39. cxd6 Rc5 40. Rd1 Rd8 41. Ra8 Ra5 42. Bxc6 Ra6 43. Rxc8 Rxc8 44. Bb7 Rxd6 45. Rxd6 Rc7 46. Bf3 a5 47. Bg4 e5 48. Ra6 Rc5 49. Bf3 1-0

[Event "Landesliga Sued 1314"]
[Site "Bayern"]
[Date "2013.10.13"]
[Round "1.1"]
[White "Schmidt, Peter"]
[Black "Ksieski, Zbigniew"]
[Result "1/2-1/2"]
[WhiteElo "2377"]
[BlackElo "2348"]
[PlyCount "49"]
[EventDate "2013.10.13"]
[EventType "team-tourn"]
[EventRounds "9"]
[EventCountry "GER"]
[SourceTitle "EXT 2015"]
[Source "ChessBase"]
[SourceDate "2014.11.20"]
[SourceVersion "1"]
[SourceVersionDate "2014.11.20"]
[SourceQuality "1"]
[WhiteTeam "Roehrnbach"]
[BlackTeam "Germering"]
[WhiteTeamCountry "GER"]
[BlackTeamCountry "GER"]

1. d4 Nf6 2. Nf3 e6 3. g3 b5 4. Bg2 Bb7 5. 0-0 c5 6. Na3 a6 7. c4 b4 8. Nc2 a5 9. Bf4 d5 10. Ne5 Nbd7 11. Rc1 Rc8 12. a3 b3 13. Ne3 cxd4 14. Qxd4 Bc5 15. Qd3 dxc4 16. N5xc4 Bxg2 17. Kxg2 0-0 18. Qxb3 Bxe3 19. Bxe3 Nd5 20. Bd4 Qg5 21. Qf3 a4 22. e4 N5f6 23. Rc3 h5 24. Re1 Rb8 25. Re2 1/2-1/2

[Event "Mecklenburg VP LL2 Ost 1112"]
[Site "Mecklenburg VP"]
[Date "2012.04.15"]
[Round "9.1"]
[White "Ksieski, Zbigniew"]
[Black "Voigt, Michael"]
[Result "1-0"]
[WhiteElo "2318"]
[BlackElo "1709"]
[PlyCount "61"]
[EventDate "2011.10.02"]
[EventType "team-tourn"]
[EventRounds "9"]
[EventCountry "GER"]
[SourceTitle "EXT 2022"]
[Source "ChessBase"]
[SourceDate "2021.10.06"]
[SourceVersion "1"]
[SourceVersionDate "2021.10.06"]
[SourceQuality "1"]
[WhiteTeam "Gryps SV"]
[BlackTeam "Torgelow Droegeheide II"]
[WhiteTeamCountry "GER"]
[BlackTeamCountry "GER"]

1. Nf3 Nf6 2. c4 e6 3. g3 b6 4. Bg2 Bb7 5. d4 d6 6. 0-0 Nbd7 7. Re1 Be7 8. d5 e5 9. Nc3 0-0 10. e4 Kh8 11. Rb1 a5 12. a3 Ba6 13. Bf1 Ng8 14. b4 axb4 15. axb4 Bc8 16. Bg2 h6 17. Qe2 Bf6 18. Be3 g5 19. Ra1 Rb8 20. Nb5 Ne7 21. Na7 Bb7 22. h4 Ng6 23. hxg5 hxg5 24. Nc6 Bxc6 25. dxc6 Kg7 26. cxd7 Rh8 27. Ra7 Nf4 28. gxf4 gxf4 29. Bxf4 exf4 30. e5 dxe5 31. Nxe5 1-0

[Event "POL-chT"]
[Site "Wroclaw"]
[Date "2011.09.03"]
[Round "6.1"]
[White "Ksieski, Zbigniew"]
[Black "Cyborowski, Lukasz"]
[Result "1/2-1/2"]
[WhiteElo "2352"]
[BlackElo "2531"]
[PlyCount "55"]
[EventDate "2011.05.06"]
[EventType "team-tourn"]
[EventRounds "9"]
[EventCountry "POL"]
[SourceTitle "EXT 2012"]
[Source "ChessBase"]
[SourceDate "2011.11.24"]
[SourceVersion "1"]
[SourceVersionDate "2011.11.24"]
[SourceQuality "1"]
[WhiteTeam "Lublin"]
[BlackTeam "Dankowice Pasjonat"]
[WhiteTeamCountry "POL"]
[BlackTeamCountry "POL"]

1. d4 Nf6 2. c4 e6 3. Nf3 c5 4. d5 exd5 5. cxd5 d6 6. Nc3 g6 7. g3 Bg7 8. Bg2 0-0 9. 0-0 a6 10. a4 Re8 11. Bf4 Qc7 12. Qb3 Nbd7 13. Nd2 Nh5 14. Nc4 Nxf4 15. gxf4 f5 16. a5 Rb8 17. Rfe1 b5 18. axb6 Nxb6 19. Na5 Nd7 20. Qc2 Nf6 21. Nc6 Ra8 22. e3 Kh8 23. Red1 Bb7 24. Na5 Bc8 25. Nc6 Bb7 26. Na5 Bc8 27. Nc6 Bb7 28. Na5 1/2-1/2

[Event "Mecklenburg VP VL 1011"]
[Site "Mecklenburg VP"]
[Date "2011.01.23"]
[Round "?"]
[White "Ksieski, Zbigniew"]
[Black "Skibbe, Willi"]
[Result "1-0"]
[WhiteElo "2299"]
[BlackElo "2110"]
[PlyCount "43"]
[EventDate "2010.10.10"]
[EventType "team-tourn"]
[EventRounds "9"]
[EventCountry "GER"]
[SourceTitle "EXT 2022"]
[Source "ChessBase"]
[SourceDate "2021.10.06"]
[SourceVersion "1"]
[SourceVersionDate "2021.10.06"]
[SourceQuality "1"]
[WhiteTeam "Gryps SV"]
[BlackTeam "Rostock SSC 07 II"]
[WhiteTeamCountry "GER"]
[BlackTeamCountry "GER"]

1. d4 d5 2. c4 Nc6 3. Nc3 Nf6 4. Nf3 dxc4 5. e3 e5 6. Bxc4 exd4 7. exd4 Bd6 8. 0-0 0-0 9. Bg5 Bg4 10. h3 Bh5 11. a3 h6 12. Be3 Qd7 13. Be2 Rad8 14. Qb3 Qf5 15. Qxb7 Bxf3 16. Bxf3 Nxd4 17. Bxd4 Qf4 18. Rfd1 Qh2+ 19. Kf1 Rfe8 20. g3 c5 21. Bxf6 Rb8 22. Qd7 1-0

[Event "POL-chT 1st League"]
[Site "Katowice"]
[Date "2010.09.11"]
[Round "8"]
[White "Brodowski, Piotr"]
[Black "Ksieski, Zbigniew"]
[Result "1-0"]
[WhiteElo "2413"]
[BlackElo "2359"]
[PlyCount "115"]
[EventDate "2010.09.04"]
[EventType "team-tourn"]
[EventRounds "9"]
[EventCountry "POL"]
[SourceTitle "EXT 2019"]
[Source "ChessBase"]
[SourceDate "2018.10.10"]
[SourceVersion "1"]
[SourceVersionDate "2018.10.10"]
[SourceQuality "1"]
[WhiteTeam "Kozuchow Odrodzenie"]
[BlackTeam "Lublin Drakon SKOK Chmielewskiego"]
[WhiteTeamCountry "POL"]
[BlackTeamCountry "POL"]

1. d4 Nf6 2. Bg5 e6 3. Nc3 h6 4. Bxf6 Qxf6 5. e4 Bb4 6. Nf3 d6 7. Bd3 Nc6 8. 0-0 Bxc3 9. bxc3 0-0 10. Bb5 Bd7 11. c4 Rfd8 12. e5 dxe5 13. Bxc6 Bxc6 14. Nxe5 Ba4 15. Rb1 Qf4 16. Rb4 Rxd4 17. Nd3 Rxd3 18. Qxd3 Bc6 19. Rbb1 e5 20. Rfe1 Re8 21. Re3 h5 22. Rbe1 h4 23. Rh3 Qg5 24. Qf1 Re6 25. Rhe3 Qf5 26. Qd3 Qg5 27. Qf1 Qf5 28. f3 Qxc2 29. Rxe5 Rxe5 30. Rxe5 Qxa2 31. Qd1 f6 32. Qd8+ Kf7 33. Re7+ Kg6 34. Qd3+ Kh6 35. h3 Qa1+ 36. Kh2 Qc1 37. Re3 a5 38. Qd4 Kg6 39. Qg4+ Kf7 40. Qf4 Kg6 41. Qg4+ Kf7 42. Qh5+ Kf8 43. Qh8+ Kf7 44. Qh5+ Kf8 45. Qc5+ Kg8 46. Qd4 a4 47. Qf4 Qb2 48. Qxc7 Qc2 49. Qc8+ Kf7 50. Qe6+ Kf8 51. Qg4 Qf2 52. Qc8+ Kf7 53. Qc7+ Kf8 54. Qd8+ Kf7 55. Re7+ Kg6 56. Qc7 a3 57. Rxg7+ Kf5 58. Qa5+ 1-0

[Event "POL-chT 1st League"]
[Site "Katowice"]
[Date "2010.09.06"]
[Round "3"]
[White "Krysztofiak, Marcin"]
[Black "Ksieski, Zbigniew"]
[Result "0-1"]
[WhiteElo "2463"]
[BlackElo "2359"]
[PlyCount "48"]
[EventDate "2010.09.04"]
[EventType "team-tourn"]
[EventRounds "9"]
[EventCountry "POL"]
[SourceTitle "EXT 2019"]
[Source "ChessBase"]
[SourceDate "2018.10.10"]
[SourceVersion "1"]
[SourceVersionDate "2018.10.10"]
[SourceQuality "1"]
[WhiteTeam "Znin Baszta"]
[BlackTeam "Lublin Drakon SKOK Chmielewskiego"]
[WhiteTeamCountry "POL"]
[BlackTeamCountry "POL"]

1. g3 c5 2. Bg2 g6 3. e4 Nc6 4. d3 Bg7 5. f4 d5 6. exd5 Nb4 7. c4 Bf5 8. Be4 Qa5 9. Kf1 e6 10. Bxf5 gxf5 11. dxe6 0-0-0 12. exf7 Nh6 13. Nc3 Bxc3 14. bxc3 Nxd3 15. Bd2 Nxf7 16. Qh5 Nd6 17. Nf3 Nxc4 18. Qxf5+ Kb8 19. Qf6 Rhe8 20. a4 Qc7 21. Rg1 Rd6 22. Qg5 Qc6 23. Qh5 Rh6 24. Qg4 Rxh2 0-1

[Event "Klementowice Gr-A 1st"]
[Site "Klementowice"]
[Date "2010.08.28"]
[Round "7.1"]
[White "Ksieski, Zbigniew"]
[Black "Cymbala, Ireneusz"]
[Result "1-0"]
[WhiteElo "2359"]
[BlackElo "1991"]
[PlyCount "59"]
[EventDate "2010.08.23"]
[EventType "swiss"]
[EventRounds "9"]
[EventCountry "POL"]
[SourceTitle "EXT 2023"]
[Source "ChessBase"]
[SourceDate "2022.10.05"]
[SourceVersion "1"]
[SourceVersionDate "2022.10.05"]
[SourceQuality "1"]

1. d4 Nf6 2. Nf3 g6 3. c4 Bg7 4. g3 0-0 5. Bg2 c6 6. 0-0 d5 7. Qb3 dxc4 8. Qxc4 Be6 9. Qa4 h6 10. Nc3 Nbd7 11. e4 b5 12. Qc2 Nb6 13. Rd1 Qc8 14. Ne5 Rd8 15. Ne2 Nc4 16. Nxc4 Bxc4 17. h3 Ne8 18. Be3 e5 19. dxe5 Rxd1+ 20. Rxd1 Qe6 21. Nd4 Qxe5 22. b3 Be6 23. Bf4 Qf6 24. e5 Qe7 25. Nxe6 Qxe6 26. Qxc6 Rc8 27. Qxb5 g5 28. Bd5 Qxh3 29. e6 fxe6 30. Qd7 1-0

[Event "Klementowice Gr-A 1st"]
[Site "Klementowice"]
[Date "2010.08.26"]
[Round "4.1"]
[White "Rak, Tomasz"]
[Black "Ksieski, Zbigniew"]
[Result "0-1"]
[WhiteElo "2093"]
[BlackElo "2359"]
[PlyCount "80"]
[EventDate "2010.08.23"]
[EventType "swiss"]
[EventRounds "9"]
[EventCountry "POL"]
[SourceTitle "EXT 2023"]
[Source "ChessBase"]
[SourceDate "2022.10.05"]
[SourceVersion "1"]
[SourceVersionDate "2022.10.05"]
[SourceQuality "1"]

1. Nf3 c5 2. c4 Nc6 3. d4 cxd4 4. Nxd4 Nf6 5. Nc3 e6 6. Nc2 a6 7. b3 b5 8. cxb5 axb5 9. g3 Qa5 10. Qd2 b4 11. Na4 Ne4 12. Qe3 Nc5 13. Nb2 Bb7 14. Bg2 Nd4 15. Nxd4 Bxg2 16. Nc4 Qa6 17. Rg1 Bd5 18. Nd2 Be7 19. f3 0-0 20. Kf2 f5 21. Kg2 h6 22. Re1 Bg5 23. Qg1 Rac8 24. a4 bxa3 25. Bxa3 Qb7 26. Nc4 Be7 27. Na5 Qb8 28. Rec1 f4 29. Rc2 fxg3 30. hxg3 Ne4 31. fxe4 Bxe4+ 32. Kh3 Bxa3 33. Rxc8 Rxc8 34. Rxa3 Qe5 35. g4 Rc3+ 36. e3 Qxd4 37. Nc4 Qf6 38. Ra2 Qf3+ 39. Qg3 Qf1+ 40. Kh4 g5+ 0-1

[Event "Klementowice Gr-A 1st"]
[Site "Klementowice"]
[Date "2010.08.24"]
[Round "2.1"]
[White "Gora, Jan"]
[Black "Ksieski, Zbigniew"]
[Result "0-1"]
[WhiteElo "1848"]
[BlackElo "2359"]
[PlyCount "62"]
[EventDate "2010.08.23"]
[EventType "swiss"]
[EventRounds "9"]
[EventCountry "POL"]
[SourceTitle "EXT 2023"]
[Source "ChessBase"]
[SourceDate "2022.10.05"]
[SourceVersion "1"]
[SourceVersionDate "2022.10.05"]
[SourceQuality "1"]

1. e4 c5 2. c3 Nf6 3. e5 Nd5 4. d4 cxd4 5. cxd4 d6 6. f4 Nc6 7. Nf3 Bg4 8. Bc4 dxe5 9. dxe5 e6 10. 0-0 Bc5+ 11. Kh1 Ne3 12. Qxd8+ Rxd8 13. Bxe3 Bxe3 14. g3 Nd4 15. Nxd4 Rxd4 16. Bb5+ Ke7 17. Kg2 Rb4 18. Nc3 Rxb2+ 19. Be2 Rd8 20. Rab1 Rdd2 21. Rxb2 Rxb2 22. h3 Bxe2 23. Nxe2 Rxe2+ 24. Kf3 Rf2+ 25. Rxf2 Bxf2 26. Kxf2 Kd7 27. Ke3 Kc6 28. Kd4 h5 29. g4 hxg4 30. hxg4 b5 31. f5 g5 0-1

[Event "POL-chT 1st League"]
[Site "Ustron"]
[Date "2009.09.20"]
[Round "9.14"]
[White "Ksieski, Zbigniew"]
[Black "Dudzinski, Piotr"]
[Result "1/2-1/2"]
[WhiteElo "2355"]
[BlackElo "2326"]
[PlyCount "26"]
[EventDate "2009.09.12"]
[EventType "team-swiss"]
[EventRounds "9"]
[EventCountry "POL"]
[SourceTitle "EXT 2019"]
[Source "ChessBase"]
[SourceDate "2018.10.10"]
[SourceVersion "1"]
[SourceVersionDate "2018.10.10"]
[SourceQuality "1"]
[WhiteTeam "Lublin Drakon SKOK Chmielewskiego"]
[BlackTeam "Ostrow Wielkopolski"]
[WhiteTeamCountry "POL"]
[BlackTeamCountry "POL"]

1. c4 c5 2. Nf3 Nc6 3. d4 cxd4 4. Nxd4 g6 5. e4 Bg7 6. Be3 Nf6 7. Nc3 d6 8. Be2 0-0 9. 0-0 Bd7 10. Qd2 a6 11. f3 Rc8 12. Rfd1 Nxd4 13. Bxd4 Bc6 1/2-1/2

[Event "Chojnice op"]
[Site "Chojnice"]
[Date "2009.07.17"]
[Round "9"]
[White "Ksieski, Zbigniew"]
[Black "Cherepov, Alexej"]
[Result "1/2-1/2"]
[WhiteElo "2391"]
[BlackElo "2201"]
[PlyCount "25"]
[EventDate "2009.07.11"]
[EventType "swiss"]
[EventRounds "9"]
[EventCountry "POL"]
[SourceTitle "CBM 131 Extra"]
[Source "ChessBase"]
[SourceDate "2009.09.03"]
[SourceVersion "2"]
[SourceVersionDate "2009.09.16"]
[SourceQuality "1"]

1. c4 Nf6 2. d4 c6 3. Nc3 d5 4. Nf3 dxc4 5. a4 Bf5 6. Ne5 Nbd7 7. Nxc4 Qc7 8. g3 e5 9. dxe5 Nxe5 10. Bf4 Nfd7 11. Bg2 a5 12. 0-0 Be7 13. Rc1 1/2-1/2

[Event "Chojnice op"]
[Site "Chojnice"]
[Date "2009.07.15"]
[Round "7"]
[White "Sharapov, Evgeny"]
[Black "Ksieski, Zbigniew"]
[Result "1-0"]
[WhiteElo "2466"]
[BlackElo "2391"]
[PlyCount "95"]
[EventDate "2009.07.11"]
[EventType "swiss"]
[EventRounds "9"]
[EventCountry "POL"]
[SourceTitle "CBM 131 Extra"]
[Source "ChessBase"]
[SourceDate "2009.09.03"]
[SourceVersion "2"]
[SourceVersionDate "2009.09.16"]
[SourceQuality "1"]

1. e4 c5 2. Nf3 Nc6 3. d4 cxd4 4. Nxd4 e6 5. Nb5 d6 6. c4 Nf6 7. N5c3 Be7 8. g3 b6 9. Bg2 Bb7 10. 0-0 0-0 11. h3 Rc8 12. Be3 Re8 13. f4 Bf8 14. Bf2 a6 15. a4 Nb4 16. Qb3 d5 17. cxd5 exd5 18. Rd1 Qc7 19. e5 Ne4 20. Nxe4 dxe4 21. Nc3 Qc4 22. Qxc4 Rxc4 23. Bxb6 f5 24. Bf1 Nd3 25. a5 Rb4 26. Rab1 Rb3 27. Rxd3 exd3 28. Bxd3 Rb4 29. Na2 Ra4 30. Bc2 Re4 31. Bxe4 Bxe4 32. Rc1 g5 33. Nc3 Ba8 34. Kf2 gxf4 35. gxf4 Re6 36. Ne2 Rc6 37. Rxc6 Bxc6 38. Nd4 Be4 39. Nb3 Bd5 40. Nd4 Be4 41. Ne6 Bd5 42. Nc7 Bb7 43. Ke3 Bb4 44. Kd4 Bd2 45. e6 Bxf4 46. e7 Bc6 47. e8Q+ Bxe8 48. Nxe8 1-0

[Event "Chojnice op"]
[Site "Chojnice"]
[Date "2009.07.12"]
[Round "2"]
[White "Szczepaniec, Stanislaw"]
[Black "Ksieski, Zbigniew"]
[Result "0-1"]
[WhiteElo "2136"]
[BlackElo "2391"]
[PlyCount "42"]
[EventDate "2009.07.11"]
[EventType "swiss"]
[EventRounds "9"]
[EventCountry "POL"]
[SourceTitle "CBM 131 Extra"]
[Source "ChessBase"]
[SourceDate "2009.09.03"]
[SourceVersion "2"]
[SourceVersionDate "2009.09.16"]
[SourceQuality "1"]

1. c4 c5 2. Nc3 Nc6 3. g3 g6 4. Bg2 Bg7 5. Nf3 e5 6. 0-0 Nge7 7. a3 a5 8. Ne1 0-0 9. Nc2 d6 10. Rb1 Be6 11. Ne3 f5 12. Ned5 Bf7 13. d3 Nxd5 14. Bxd5 Rb8 15. e4 Qd7 16. Qa4 f4 17. Kh1 Qh3 18. Rg1 fxg3 19. fxg3 Bxd5 20. Be3 Be6 21. Nb5 Bg4 0-1